Hà Nội giai đoạn 1873 - 1888
Salvato in:
| Autore principale: | |
|---|---|
| Natura: | Libro |
| Lingua: | Undetermined |
| Pubblicazione: |
Hải Phòng
Hải Phòng
2003
|
| Soggetti: | |
| Tags: |
Aggiungi Tag
Nessun Tag, puoi essere il primo ad aggiungerne! !
|
| Thư viện lưu trữ: | Trung tâm Học liệu Trường Đại học Cần Thơ |
|---|
| LEADER | 00576nam a2200217Ia 4500 | ||
|---|---|---|---|
| 001 | CTU_55487 | ||
| 008 | 210402s9999 xx 000 0 und d | ||
| 020 | |b 20000 | ||
| 082 | |a 959.703 | ||
| 082 | |b M419 | ||
| 100 | |a André Masson | ||
| 245 | 0 | |a Hà Nội giai đoạn 1873 - 1888 | |
| 245 | 0 | |c André Masson; Lưu Đình Tuân dịch | |
| 260 | |a Hải Phòng | ||
| 260 | |b Hải Phòng | ||
| 260 | |c 2003 | ||
| 650 | |a vietnam | ||
| 650 | |x history | ||
| 650 | |y 1873 - 1888 | ||
| 650 | |z ha noi | ||
| 980 | |a Trung tâm Học liệu Trường Đại học Cần Thơ | ||